00517nam a2200169 a 450008200130000010000160001324500460002926000250007530000090010050000350010950500470014465000230019170000160021494200070023095200930023799900170033000a266bTHO aThomas, M M aChurch`s Mission and Post-Modern Humanism aDelhi bISPCK c1996 a163p aincludes index and biblioraphy2 aCollection of essays and talks 1992 - 1996 aHumanism-Religious1 aThomas, M M cBK 00104070aHMIbHMId2007-06-14g60.00l0o266 THOp018335r2007-06-14w2026-01-16yBK c10408d10408